Estatísticas para PANE TREM - Trem não trava embaixo - Não há indicação de travamento

Clique aqui para jogar o quiz

Estatísticas Gerais

  • Esse quiz foi jogado 54 vezes
  • A pontuação média é 8 de 10

Estatísticas das Respostas

HintResposta% Correto
3Persistindo a pane, baixar por EMG
100%
1Tentar novo ciclo
100%
Não há indicação de travamento de pelo menos uma das pernas do trem, mesmo após baixar por EMG:
1
Declarar SOCORRO
83%
2Manter perfil de tráfego
83%
4Após curvar PT, tráfego a 2500ft com 90kt, referencias normais
67%
3Arremeter na final (configurado), passar sobre a pista de táxi a 2300ft, sem balançar as asas
67%
5Flapes como julgar - enquadrando a PB
67%
2Manter calço hidráulico
67%
7Pousar de acordo com a indicação das luzes de aviso do trem, parar sobre a pista de pouso, sem utilizar os freios, cortar motor e aguardar reboque
67%
6Se baicar flapes, calço hidráulico na FINAL
67%

Distribuição das Pontuações

Percentil de Números Respondidos

Porcentagem de Pessoas com Cada Pontuação

Sua Pontuação Histórica

Você não jogou esse quiz